000 00565nam a2200193 a 4500
005 20240411063758.0
008 991125s1994 mx 000 0 spa u
020 _a9683909116
035 _aUPN01000019752
049 _aCG
050 4 _aF1227
_bK338
100 1 _aKatz, Friedrich,
_d1927-2010
_928818
245 1 0 _aEnsayos mexicanos /
_cFriedrich Katz ; tr. Isabel Morales ; pról. John H. Coatsworth.
260 _aMéxico :
_bAlianza,
_c1994.
300 _a467 p.
440 0 _aAlianza raíces y razones
651 4 _aMéxico
_xHistoria
_94558
905 _aLibro
999 _c19752
_d19752